| 000 | 00587nam a22001697a 4500 | ||
|---|---|---|---|
| 003 | NUST | ||
| 038 | _aNusrat Nadeem | ||
| 082 | _a200 | ||
| 100 |
_aRasool, Arooj _9125708 |
||
| 245 |
_aPrognosticating Parkinson’s: Harnessing Wearable Sensors and Attention Mechanism for Enhanced Motor Symptom Prediction/ _cArooj Rasool, |
||
| 264 |
_aIslamabad; _bSEECS NUST; _c2024. |
||
| 300 |
_a92,p; _bill; _c30,cm. |
||
| 650 |
_aMS-Computer Science _926780 |
||
| 700 |
_aSupervisor: Dr. Qaiser Riaz _996872 |
||
| 856 | _uhttp://10.250.8.41:8080/xmlui/handle/123456789/46375 | ||
| 942 |
_2ddc _cSC |
||
| 999 |
_c611411 _d611411 |
||